Online Public Access Catalogue

Pathology for Surgeons in Training/ (Record no. 3017)

MARC details
000 -LEADER
fixed length control field 00412nam a2200157Ia 4500
020 ## - INTERNATIONAL STANDARD BOOK NUMBER
International Standard Book Number 0340603747
082 ## - DEWEY DECIMAL CLASSIFICATION NUMBER
Classification number 617.07
Author Mark GAR
100 ## - MAIN ENTRY--PERSONAL NAME
Author Name Gardner, Dugald L.
100 ## - MAIN ENTRY--PERSONAL NAME
Author Name David E.f Tweedle
245 #0 - TITLE STATEMENT
Title Pathology for Surgeons in Training/
250 ## - EDITION STATEMENT
Edition statement 2nd
260 ## - PUBLICATION, DISTRIBUTION, ETC.
Place of publication, distribution, etc. London
Name of publisher, distributor, etc. Arnold
Date of publication, distribution, etc. 1996
300 ## - PHYSICAL DESCRIPTION
No of Pages vii;408p,
illustrations ill;
Dimensions 18cm.
650 ## - SUBJECT ADDED ENTRY--TOPICAL TERM
Subject Surgery,
Keywords A-Z Guide
-- Appendix table
-- Imdc
942 ## - ADDED ENTRY ELEMENTS (KOHA)
Koha item type Books
Source of classification or shelving scheme
Holdings
Item status Home library Current library Shelving location Date acquired Total Checkouts Full call number Barcode Date last seen Koha item type
  Islamabad Medical and Dental College Islamabad Medical and Dental College Islamabad Medical and Dental College 16/03/2018   617.07 GAR 4096 16/03/2018 Books
  Islamabad Medical and Dental College Islamabad Medical and Dental College Islamabad Medical and Dental College 16/03/2018   617.07 GAR 4097 16/03/2018 Books
  Islamabad Medical and Dental College Islamabad Medical and Dental College Islamabad Medical and Dental College 16/03/2018   617.07 GAR 4098 16/03/2018 Books
  Islamabad Medical and Dental College Islamabad Medical and Dental College Islamabad Medical and Dental College 16/03/2018   617.07 GAR 4099 16/03/2018 Books
  Islamabad Medical and Dental College Islamabad Medical and Dental College Islamabad Medical and Dental College 16/03/2018   617.07 GAR 4102 16/03/2018 Books

Copyright @ IMDC Library
Islamabad Medical and Dental College
Bhara Kahu, Islamabad

  Contact the Librarian, IMDC
  Email:: library@imdcollege.edu.pk

  OPAC Customized by
  Mazhar Hussain,
  Librarian:
  Islamabad Medical and Dental College
  Email:: library@imdcollege.edu.pk